000 00513cam a22001814a 4500
005 20250605164057.0
008 250528s ||||||||||||||||||||||||d
035 _a17501
020 _a3406061823
040 _aGR-AtMCL
_bgre
_dGR-AtMCL
_eAACR2
245 1 _aJus-Didaktik / Schriften Zur Didaktik Und Methodik Des Rechtsunterrichts Und Zur Juristenausbildung
260 _bC. H. Beck,
_c1976
300 _a200
700 1 _aSchunemann Hans-Wilhelm Dr
_93640
942 _cBK
999 _c2909
_d2909